| 000 | 00850nam a2200205 a 4500 | ||
|---|---|---|---|
| 001 | BRCA_307 | ||
| 005 | 20190320202944.0 | ||
| 008 | 930330s1987 mx-h---##b---#001-0#spa-d | ||
| 040 |
_aDLC _cDLC |
||
| 050 | 4 |
_aZ1431 _b.G83 1987 |
|
| 245 | 1 | 0 |
_aGuía e índice de un cedulario de la Nueva Galicia _b1636-1816 _cSíntesis, índice e introducción por Vera Valdés Lakowsky. |
| 260 |
_aMéxico _bCentro de Estudios de Historia de México, CONDUMEX _c1987 |
||
| 300 |
_axxii, 54 p. _bil. _c28 cm. |
||
| 500 | _aIncluye índice onomástico | ||
| 610 | 2 | 4 |
_aCentro de Estudios de Historia de México _bArchivo Histórico _eFondo Luis Gutiérrez Cañedo _vCatálogos _91029 |
| 651 | 4 |
_aNueva Galicia _vBibliografía _xHistoria _91030 |
|
| 651 | 4 |
_aNueva Galicia _vCatálogos _xHistoria - Manuscritos _91031 |
|
| 700 | 1 |
_aValdés Lakowsky, Vera _91032 |
|
| 942 |
_2lcc _cB |
||
| 999 |
_c248 _d248 |
||